The complete upmanship : (Record no. 932)
[ view plain ]
| 000 -LEADER | |
|---|---|
| fixed length control field | 00764cam a2200241 4500 |
| 005 - DATE AND TIME OF LATEST TRANSACTION | |
| control field | 20260322212039.0 |
| 008 - FIXED-LENGTH DATA ELEMENTS--GENERAL INFORMATION | |
| fixed length control field | data |
| 010 ## - LIBRARY OF CONGRESS CONTROL NUMBER | |
| LC control number | 73121642 |
| 020 ## - INTERNATIONAL STANDARD BOOK NUMBER | |
| International Standard Book Number | 0030640458 |
| 020 ## - INTERNATIONAL STANDARD BOOK NUMBER | |
| International Standard Book Number | 9780030640452 |
| 040 ## - CATALOGING SOURCE | |
| Original cataloging agency | DLC |
| Transcribing agency | DLC |
| Modifying agency | WaOLN |
| -- | WaOLN |
| 049 ## - LOCAL HOLDINGS (OCLC) | |
| Holding library | YUSS |
| 050 00 - LIBRARY OF CONGRESS CALL NUMBER | |
| Classification number | PR6031.O725 |
| Item number | A6 1971 |
| 090 ## - LOCALLY ASSIGNED LC-TYPE CALL NUMBER (OCLC); LOCAL CALL NUMBER (RLIN) | |
| Classification number (OCLC) (R) ; Classification number, CALL (RLIN) (NR) | PR 6031 P855e 1970 |
| 001 - CONTROL NUMBER | |
| control field | data |
| 100 1# - MAIN ENTRY--PERSONAL NAME | |
| Personal name | Potter, Stephen, |
| Dates associated with a name | 1900-1969. |
| 245 14 - TITLE STATEMENT | |
| Title | The complete upmanship : |
| Remainder of title | including, Gamesmanship, Lifemanship, One-upmanship, Supermanship / |
| Statement of responsibility, etc. | Stephen Potter. |
| 250 ## - EDITION STATEMENT | |
| Edition statement | [1st ed.] |
| 260 ## - PUBLICATION, DISTRIBUTION, ETC. | |
| Place of publication, distribution, etc. | New York : |
| Name of publisher, distributor, etc. | Holt, Rinehart, and Winston, |
| Date of publication, distribution, etc. | [1971, c1970] |
| 300 ## - PHYSICAL DESCRIPTION | |
| Extent | 349 p. |
| Other physical details | illus. |
| Dimensions | 24 cm. |
| 520 ## - SUMMARY, ETC. | |
| Summary, etc. | Including : Gamesmanship, Lifemanship, One-upmanship, Supermanship. |
| 650 #0 - SUBJECT ADDED ENTRY--TOPICAL TERM | |
| Topical term or geographic name entry element | Conduct of life |
| Form subdivision | Humor. |
| Withdrawn status | Lost status | Damaged status | Not for loan | Home library | Current library | Shelving location | Date acquired | Total checkouts | Full call number | Barcode | Date last seen | Price effective from | Koha item type |
|---|---|---|---|---|---|---|---|---|---|---|---|---|---|
| Franklin | Franklin | General stacks | 22/03/2026 | PR6031.O725 A6 1971 | BC0010963 | 22/03/2026 | 22/03/2026 | Books |